• 首页
  • 本馆介绍
  • 公告通知
  • 最新文献
  • 馆藏检索
  • 电子资源
  • 读者导购
  • 参考咨询
  • 我的图书馆
  • 登录
  • 详细信息显示
  • 放入我的书架
  • 预约/预借图书
  • 作者相关作品
  • 分类相关作品
  • 丛书相关作品
  • 出版社相关作品

书目信息

  • 表格格式
  • 工作单格式
  • 卡片格式
题名:
工业通信业信息化常用法律法规汇编
    
 
作者: ;工业和信息化部产业政策与法规司 编
分册: 下  
出版信息: 北京   中国法制出版社  2020
页数: 1117-1742页
开本: 24cm
丛书名:
单 册:
中图分类: D922.292.9 , D922.89 , D922.29
科图分类:
主题词: 工业法--中国--汇编 , 电信--法规--中国--汇编 , 信息管理--法规--中国--汇编
电子资源:
ISBN: 978-7-5216-1008-6
000 01325nam0 2200265 450
001 2261136810
005 20220927165958.26
010    @a978-7-5216-1008-6@dCNY100.00, CNY298.00 (全3册)
100    @a20200617d2020 em y0chiy50 ea
101 0  @achi
102    @aCN@b110000
105    @ay z 000yy
200 1  @a工业通信业信息化常用法律法规汇编@9gong ye tong xin ye xin xi hua chang yong fa lu fa gui hui bian@h下@f工业和信息化部产业政策与法规司编
210    @a北京@c中国法制出版社@d2020
215    @a1117-1742页@d24cm
330    @a《工业通信业信息化常用法律法规汇编》一书为法规汇编类图书,作者为工业和信息化部产业政策与法规司。本书共收集了1982年9月20日以来至今的工业通信业信息化常用法律、行政法规、部门规章(其中包括工业类规章、通信和信息化类规章)以及司法解释,分为上下册。本书收录的相关法律法规包括:《中华人民共和国宪法》《中华人民共和国水污染防治法》《中华人民共和国资源税法》《中华人民共和国人类遗传资源管理条例》《中华人民共和国外商投资法实施条例》等等。
606 0  @a工业法@y中国@j汇编
606 0  @a电信@x法规@y中国@j汇编
606 0  @a信息管理@x法规@y中国@j汇编
690    @aD922.292.9@v5
690    @aD922.89@v5
690    @aD922.29@v4
711 02 @a工业和信息化部产业政策与法规司@9gong ye he xin xi hua bu chan ye zheng ce yu fa gui si@4编
801  0 @aCN@b91MARC@c20200714
905    @aZUCC@dD922.29@e179:3
    
    工业通信业信息化常用法律法规汇编.下/工业和信息化部产业政策与法规司编.-北京:中国法制出版社,2020
    1117-1742页;24cm
    
    
    ISBN 978-7-5216-1008-6:CNY100.00, CNY298.00 (全3册)
    《工业通信业信息化常用法律法规汇编》一书为法规汇编类图书,作者为工业和信息化部产业政策与法规司。本书共收集了1982年9月20日以来至今的工业通信业信息化常用法律、行政法规、部门规章(其中包括工业类规章、通信和信息化类规章)以及司法解释,分为上下册。本书收录的相关法律法规包括:《中华人民共和国宪法》《中华人民共和国水污染防治法》《中华人民共和国资源税法》《中华人民共和国人类遗传资源管理条例》《中华人民共和国外商投资法实施条例》等等。
●
相关链接 在五车中查询图书 在当当中查询图书 在豆瓣中查询图书


正题名:工业通信业信息化常用法律法规汇编     索取号:D922.29/179:3         预约/预借

序号 登录号 条形码 馆藏地/架位号 状态 备注
1 2000903089   2000903089   第三书库/ [索取号:D922.29/179:3] 在馆    
2 2000903090   2000903090   第三书库/ [索取号:D922.29/179:3] 在馆    
3 2000903091   2000903091   第三书库/ [索取号:D922.29/179:3] 在馆    
山东省滨州职业学院图书馆 欢迎您!
大连网信软件有限公司© 版权所有